000 00788 a2200241 4500
003 CBULib
005 20240829143948.0
008 240829b |||||||| |||| 00| 0 eng d
040 _aCBULib
_bEnglish
_cCBULib
_erda
041 _aeng
050 _aGOV.ZAM(058)ZDHS/2018
110 _aZambia Statistics Agency
245 _aZambia demographic health survey 2018
_c/ by Zambia Statistics Agency
260 _bZambia Statistics Agency
_c2020
_aLusaka
300 _axxxii, 546 pages : illustrations
336 _2rdacontent
_aText |
_btxt
337 _2rdamedia
_aUnmediated |
_bn
338 _2rdacarrier
_aVolume
_bnc
650 _aDEMOGRAPHIC SURVEY--STATISTICS--ZAMBIA
650 _aDEMOGRAPHIC AND HEALTH SURVEY--ZAMBIA
650 _aPOPULATION STATISTICS
942 _2mc
_c021
999 _c85297
_d85297